[Event "Moscow Open 2009 A"]
[Site ""]
[Date "2009.02.07"]
[Round "8.48"]
[White "Novikov, Stanislav"]
[Black "Bukavshin, Ivan"]
[Result "1/2-1/2"]
[WhiteElo "2523"]
[BlackElo "2326"]
[Annotator ""]
[Source ""]
[Remark ""]

1.e4 c5 2.Nc3 Nc6 3.Nf3 d6 4.d4 cxd4 5.Nxd4 Nf6 6.Bc4 e6 7.Be3
Be7 8.Qe2 a6 9.O-O-O Qc7 10.Bb3 Na5 11.g4 b5 12.g5 Nxb3+ 13.axb3
Nd7 14.Rhg1 b4 15.Na4 Nc5 16.Qh5 g6 17.Qh4 Nxa4 18.bxa4 e5 19.f4
Bb7 20.f5 h5 21.f6 exd4 22.Rxd4 Bd8 23.Bf4 O-O 24.Bxd6 Qb6 25.e5
Re8 26.Re1 Bc8 27.Rxb4 Qa7 28.Qd4 Ba5 29.Qxa7 Rxa7 30.Rbe4 1/2-1/2

[Event "Moscow Open 2009 A"]
[Site ""]
[Date "2009.02.07"]
[Round "8.49"]
[White "Orlinkov, Maxim L"]
[Black "Geller, Jakov"]
[Result "0-1"]
[WhiteElo "2385"]
[BlackElo "2523"]
[Annotator ""]
[Source ""]
[Remark ""]

1.d4 d5 2.Nf3 c6 3.g3 Bf5 4.Bg2 e6 5.O-O h6 6.c4 Nd7 7.Nc3 Ngf6
8.Qb3 Qb6 9.c5 Qa6 10.Bf4 Be7 11.Rfc1 b6 12.cxb6 axb6 13.Ne5
Nxe5 14.Bxe5 O-O 15.Bf1 Qa5 16.a3 c5 17.Qb5 Qa7 18.Qb3 c4 19.Qd1
Qa5 20.f3 b5 21.Qe1 Qb6 22.Rd1 Nd7 23.Bf4 b4 24.axb4 Rxa1 25.Rxa1
Qxd4+ 26.e3 Qb6 27.g4 Bg6 28.b5 Bf6 29.Ra6 Bxc3 30.bxc3 Qxb5
31.Ra7 Bd3 32.Bh3 Qc6 33.Qa1 e5 34.Ra6 Qc5 35.Ra5 Qb6 36.Ra6
Qb3 37.Bg3 d4 38.exd4 exd4 39.Ra3 Qb5 40.cxd4 Nf6 41.Bg2 Nd5
42.Ra5 Qd7 43.Qa3 Nf4 44.Ra8 Rxa8 45.Qxa8+ Kh7 46.Qa1 Ne2+ 47.Kf2
c3 48.Ke3 c2 0-1

[Event "Moscow Open 2009 A"]
[Site ""]
[Date "2009.02.07"]
[Round "8.50"]
[White "Hovhannisyan, Robert"]
[Black "Vasiukov, Evgeni"]
[Result "1-0"]
[WhiteElo "2402"]
[BlackElo "2515"]
[Annotator ""]
[Source ""]
[Remark ""]

1.e4 e5 2.Nf3 Nc6 3.Bb5 Nf6 4.O-O Bc5 5.Nc3 d6 6.Na4 Bb6 7.Nxb6
axb6 8.d4 Bd7 9.Bg5 h6 10.Bh4 Qe7 11.Re1 O-O-O 12.d5 Nb8 13.Bxf6
Qxf6 14.Bxd7+ Kxd7 15.a4 Na6 16.Nd2 Ke7 17.Nc4 Ra8 18.Ra3 h5
19.a5 b5 20.Rf3 Qg5 21.Ne3 g6 22.b4 Kf8 23.Qd3 Nxb4 24.Qxb5 Na6
25.Qxb7 Qd8 26.Nc4 Nc5 27.Qc6 Ra6 28.Qb5 Qe8 29.Rb3 Qe7 30.Rc3
Ra8 31.Ra3 Kg7 32.Nd2 Rhb8 33.Qc4 Ra7 34.Nb3 Na6 35.c3 Kh7 36.Nc1
Qg5 37.Nd3 h4 38.h3 Kg8 39.Rea1 Raa8 40.Nb4 Nc5 41.a6 Qf4 42.Re1
f5 43.f3 fxe4 44.fxe4 1-0

[Event "Moscow Open 2009 A"]
[Site ""]
[Date "2009.02.07"]
[Round "8.51"]
[White "Tunik, Gennady"]
[Black "Prokopchuk, Yury"]
[Result "1-0"]
[WhiteElo "2506"]
[BlackElo "2310"]
[Annotator ""]
[Source ""]
[Remark ""]

1.d4 Nf6 2.c4 d6 3.Nf3 Bg4 4.g3 Bxf3 5.exf3 c6 6.d5 g6 7.Nc3
Bg7 8.Be3 O-O 9.Bg2 Nbd7 10.O-O Nb6 11.Qb3 cxd5 12.cxd5 Nfd7
13.Rad1 Nc5 14.Bxc5 dxc5 15.f4 Qd7 16.Rfe1 Nc8 17.Ne4 Bd4 18.Qc4
Bxb2 19.Nxc5 Qc7 20.Qb4 Bf6 21.Qxb7 Qxb7 22.Nxb7 Rb8 23.Rb1 Nd6
24.Na5 Bc3 25.Nc6 Bxe1 26.Nxb8 Bd2 27.Nc6 Re8 1-0

[Event "Moscow Open 2009 A"]
[Site ""]
[Date "2009.02.07"]
[Round "8.52"]
[White "Matinian, Nikita"]
[Black "Krapivin, Alexander"]
[Result "0-1"]
[WhiteElo "2361"]
[BlackElo "2501"]
[Annotator ""]
[Source ""]
[Remark ""]

1.d4 d5 2.Nf3 c6 3.Bf4 e6 4.e3 Bd6 5.Ne5 Qc7 6.c4 Nd7 7.cxd5
exd5 8.Nd3 Ngf6 9.Nc3 O-O 10.Qc2 Re8 11.Be2 Nf8 12.O-O Bxf4 13.Nxf4
Qd6 14.Rab1 Ng6 15.Nxg6 hxg6 16.b4 a6 17.Na4 Bf5 18.Bd3 Ng4 19.g3
Bxd3 20.Qxd3 g5 0-1

[Event "Moscow Open 2009 A"]
[Site ""]
[Date "2009.02.07"]
[Round "8.53"]
[White "Ozolin, Maxim"]
[Black "Naumkin, Igor"]
[Result "0-1"]
[WhiteElo "2377"]
[BlackElo "2501"]
[Annotator ""]
[Source ""]
[Remark ""]

1.e4 e5 2.Nf3 Nc6 3.Bb5 a6 4.Ba4 Nf6 5.O-O Be7 6.Re1 b5 7.Bb3
O-O 8.c3 d6 9.h3 Na5 10.Bc2 c5 11.d4 Nd7 12.Nbd2 cxd4 13.cxd4
Nc6 14.d5 Nb4 15.Bb1 a5 16.a3 Na6 17.b4 axb4 18.axb4 Bb7 19.Qb3
f5 20.exf5 Nc7 21.Rxa8 Bxa8 22.Ne4 Bxd5 23.Qc2 Nf6 24.Nfg5 Kh8
25.f4 Bg8 26.Rd1 exf4 27.Bxf4 Ncd5 28.Ne6 Qb6+ 29.Kh1 Nxe4 30.Qxe4
Nc3 31.Qf3 Bxe6 32.Qxc3 Bxf5 33.Be3 Qd8 34.Bd4 Bf6 35.Bxf6 Rxf6
36.Bxf5 Rxf5 37.Qc6 h6 38.Rxd6 Qf8 0-1

[Event "Moscow Open 2009 A"]
[Site ""]
[Date "2009.02.07"]
[Round "8.54"]
[White "Bogachkov, Igor"]
[Black "Ulko, Jaroslav"]
[Result "1-0"]
[WhiteElo "2324"]
[BlackElo "2501"]
[Annotator ""]
[Source ""]
[Remark ""]

1.e4 c5 2.Nf3 d6 3.d4 cxd4 4.Nxd4 Nf6 5.Nc3 a6 6.Bg5 Nbd7 7.Bc4
e6 8.f4 b5 9.Bxe6 fxe6 10.Nxe6 Qa5 11.Nxf8 Rxf8 12.Qxd6 Qb6 13.Qd2
b4 14.Nd5 Nxd5 15.exd5 Nf6 16.O-O-O Qd6 17.Rhe1+ 1-0

[Event "Moscow Open 2009 A"]
[Site ""]
[Date "2009.02.07"]
[Round "8.55"]
[White "Airapetian, Gor"]
[Black "Ipatov, Alexander"]
[Result "0-1"]
[WhiteElo "2346"]
[BlackElo "2493"]
[Annotator ""]
[Source ""]
[Remark ""]

1.e4 c5 2.Nf3 Nc6 3.Bb5 e6 4.O-O Nge7 5.c3 a6 6.Ba4 b5 7.Bc2
d5 8.e5 d4 9.Be4 Nd5 10.cxd4 cxd4 11.Bxd5 exd5 12.d3 Bb7 13.Bd2
Qb6 0-1

[Event "Moscow Open 2009 A"]
[Site ""]
[Date "2009.02.07"]
[Round "8.56"]
[White "Tenikashvili, Georgij"]
[Black "Pushkov, Nikolai"]
[Result "1-0"]
[WhiteElo "2324"]
[BlackElo "2486"]
[Annotator ""]
[Source ""]
[Remark ""]

1.d4 Nf6 2.c4 e6 3.Nf3 b6 4.Nc3 Bb7 5.Bg5 h6 6.Bh4 Be7 7.Qc2
d5 8.Bxf6 Bxf6 9.cxd5 exd5 10.e3 O-O 11.Be2 Re8 12.O-O a6 13.Rfd1
Nd7 14.Rac1 Rc8 15.b4 Qe7 16.Qb3 Qd6 17.b5 a5 18.Rc2 Qe6 19.Ne1
Be7 20.Bf3 Nf6 21.Ne2 Bd6 22.Ng3 Rcd8 23.Nh5 Ne4 24.Nd3 g5 25.Bxe4
dxe4 26.Qxe6 Rxe6 27.Nb2 Bd5 28.Nc4 Bxc4 29.Rxc4 f5 30.Ng3 Rf8
31.Ne2 Rf7 32.Rdc1 Kg7 33.R1c2 1-0

[Event "Moscow Open 2009 A"]
[Site ""]
[Date "2009.02.07"]
[Round "8.57"]
[White "Kashlinskaya, Alina"]
[Black "Petrosian, Davit G"]
[Result "1/2-1/2"]
[WhiteElo "2302"]
[BlackElo "2477"]
[Annotator ""]
[Source ""]
[Remark ""]

1.d4 Nf6 2.c4 g6 3.Nf3 Bg7 4.g3 O-O 5.Bg2 d6 6.Nc3 c5 7.d5 e5
8.O-O Nbd7 9.e4 Ne8 10.Bg5 f6 11.Bd2 a6 12.a3 Nc7 13.b4 b5 14.cxb5
Nxb5 15.Nxb5 axb5 16.Be3 Ra4 17.Qc2 c4 18.Bh3 f5 19.Ng5 Nf6 1/2-1/2

[Event "Moscow Open 2009 A"]
[Site ""]
[Date "2009.02.07"]
[Round "8.58"]
[White "Kolmakov, Pavel"]
[Black "Mozharov, Mikhail"]
[Result "0-1"]
[WhiteElo "2284"]
[BlackElo "2475"]
[Annotator ""]
[Source ""]
[Remark ""]

1.e4 c5 2.Nc3 Nc6 3.g3 g6 4.Bg2 Bg7 5.d3 d6 6.Be3 e6 7.Qd2 b6
8.Nge2 Nge7 9.Bh6 O-O 10.Bxg7 Kxg7 11.h4 h5 12.O-O-O e5 13.f4
Bg4 14.Rdf1 Nd4 15.f5 f6 16.fxg6 Qd7 17.Ng1 Rac8 18.Bh3 b5 19.Bxg4
Qxg4 20.Nd1 c4 21.Kb1 0-1

[Event "Moscow Open 2009 A"]
[Site ""]
[Date "2009.02.07"]
[Round "8.59"]
[White "Aldokhin, Ivan"]
[Black "Gabrielian, Artur"]
[Result "1-0"]
[WhiteElo "2251"]
[BlackElo "2472"]
[Annotator ""]
[Source ""]
[Remark ""]

1.e4 c5 2.Nf3 Nc6 3.d4 cxd4 4.Nxd4 Qb6 5.Nb3 Nf6 6.Nc3 e6 7.Bd3
Be7 8.Be3 Qc7 9.f4 d6 10.Qf3 a6 11.g4 h6 12.h4 h5 13.g5 Ng4 14.Bd2
b5 15.Nd1 Bb7 16.Nf2 Nxf2 17.Qxf2 g6 18.Bc3 Rf8 19.O-O-O O-O-O
20.Bf1 Kb8 21.Rh3 f6 22.gxf6 Bxf6 23.Qd2 Be7 24.Na5 Nxa5 25.Bxa5
Qc6 26.Bc3 Qd7 27.Rd3 Qc6 28.Bb4 Rc8 29.Rc3 1-0

[Event "Moscow Open 2009 A"]
[Site ""]
[Date "2009.02.07"]
[Round "8.60"]
[White "Pugachov, Alexey"]
[Black "Nukin, Ashat"]
[Result "0-1"]
[WhiteElo "2450"]
[BlackElo "2270"]
[Annotator ""]
[Source ""]
[Remark ""]

1.e4 e5 2.Nf3 Nc6 3.Bb5 a6 4.Ba4 Nf6 5.d3 b5 6.Bb3 Be7 7.c3 d6
8.Nbd2 O-O 9.Nf1 Na5 10.Bc2 c5 11.Ng3 Nc6 12.O-O h6 13.h3 Be6
14.d4 cxd4 15.cxd4 exd4 16.Nxd4 Nxd4 17.Qxd4 Rc8 18.Bb3 d5 19.e5
Nd7 20.Bf4 Qb6 21.Qd2 Rfd8 22.Be3 Bc5 23.Bxc5 Nxc5 24.Qd4 Na4
25.Qxb6 Nxb6 26.f4 d4 27.Bxe6 fxe6 28.Ne4 Rc2 29.Rf2 d3 0-1

[Event "Moscow Open 2009 A"]
[Site ""]
[Date "2009.02.07"]
[Round "8.61"]
[White "Barsamian, Eduard"]
[Black "Gochelashvili, David"]
[Result "0-1"]
[WhiteElo "2138"]
[BlackElo "2447"]
[Annotator ""]
[Source ""]
[Remark ""]

1.d4 Nf6 2.c4 g6 3.Nc3 Bg7 4.e4 d6 5.f3 O-O 6.Be3 b6 7.Qd2 c5
8.d5 e6 9.dxe6 Bxe6 10.Rd1 Nc6 11.Qxd6 Qe8 12.Qd2 Rd8 13.Qf2
Rxd1+ 14.Nxd1 Nd7 15.f4 Bg4 16.Bd3 f5 17.exf5 Nb4 18.Bb1 Bxf5
19.Bxf5 Rxf5 20.Qe2 Qe4 21.Nf3 Nd3+ 22.Kf1 Nxf4 23.Bxf4 Qxf4
24.Qe6+ Rf7 25.Ke2 Ne5 0-1

[Event "Moscow Open 2009 A"]
[Site ""]
[Date "2009.02.07"]
[Round "8.62"]
[White "Guseinov, Elmir"]
[Black "Tilicheev, Viacheslav"]
[Result "0-1"]
[WhiteElo "2439"]
[BlackElo "2242"]
[Annotator ""]
[Source ""]
[Remark ""]

1.d4 d5 2.Nf3 Nf6 3.g3 c5 4.c4 cxd4 5.Bg2 dxc4 6.Qxd4 Qxd4 7.Nxd4
a6 8.Nd2 e5 9.N4f3 Bb4 10.O-O e4 11.Ne5 Bxd2 12.Bxd2 Be6 13.Rfc1
b5 14.Bg5 O-O 15.Bxf6 gxf6 16.Bxe4 Ra7 17.Nf3 Rd8 18.e3 f5 19.Bc2
Nc6 20.Nh4 Rd2 21.Nf3 Rd8 22.Nh4 Nb4 23.Nf3 c3 24.b3 Rd2 25.Ne1
Rad7 26.a3 Nxc2 27.Rxc2 Rxc2 28.Nxc2 Rd2 29.Rc1 Bxb3 0-1

[Event "Moscow Open 2009 A"]
[Site ""]
[Date "2009.02.07"]
[Round "8.63"]
[White "Demidov, Mikhail"]
[Black "Krivoborodov, Egor"]
[Result "0-1"]
[WhiteElo "2288"]
[BlackElo "2436"]
[Annotator ""]
[Source ""]
[Remark ""]

1.d4 d5 2.c4 c6 3.Nf3 Nf6 4.e3 a6 5.Nbd2 Bf5 6.Qb3 Qc7 7.Bd3
Bxd3 8.Qxd3 Nbd7 9.O-O e6 10.e4 dxe4 11.Nxe4 Be7 12.b3 O-O 13.Bb2
Rfd8 14.Rfd1 a5 15.Nc3 Bd6 16.Qe2 Re8 17.g3 e5 18.dxe5 Nxe5 19.Nxe5
Bxe5 20.Qc2 Re6 21.Re1 Rae8 22.Re2 h5 23.Rae1 h4 24.Nd1 Qd6 25.Bxe5
Rxe5 26.Rxe5 Rxe5 27.Rxe5 Qxe5 28.Kg2 Qh5 29.h3 hxg3 30.fxg3
Qe5 31.Nf2 g6 32.Ng4 Nxg4 33.hxg4 Kg7 34.Qd2 a4 35.bxa4 Qe4+ 0-1

[Event "Moscow Open 2009 A"]
[Site ""]
[Date "2009.02.07"]
[Round "8.64"]
[White "Zolotukhin, Valery"]
[Black "Kharitonov, Andrei V"]
[Result "1/2-1/2"]
[WhiteElo "2358"]
[BlackElo "2563"]
[Annotator ""]
[Source ""]
[Remark ""]

1.e4 e5 2.Nf3 Nc6 3.Bc4 Bc5 4.c3 Nf6 5.d3 d6 6.Bb3 O-O 7.Bg5
h6 8.Bh4 Be6 9.Nbd2 a6 10.Qe2 Bxb3 11.Nxb3 Ba7 1/2-1/2

[Event "Moscow Open 2009 A"]
[Site ""]
[Date "2009.02.07"]
[Round "8.65"]
[White "Egorov, Dmitry"]
[Black "Bryzgalin, Kirill"]
[Result "0-1"]
[WhiteElo "2346"]
[BlackElo "2537"]
[Annotator ""]
[Source ""]
[Remark ""]

1.e4 c5 2.Nf3 e6 3.c3 Nf6 4.d3 b6 5.Bg5 d6 6.Nbd2 Bb7 7.d4 Be7
8.Bd3 O-O 9.h4 Nc6 10.Qe2 cxd4 11.Nxd4 Nd7 12.Nxc6 Bxc6 13.O-O-O
Ne5 14.Bc2 Bxg5 15.hxg5 Qxg5 16.Kb1 Rfd8 17.g3 Ng6 18.Rh5 Qe7
19.Nf3 Nf8 20.Nd4 Be8 21.Rdh1 g6 22.R5h4 e5 23.Nf3 Bc6 24.Qe3
f6 25.Bb3+ Kh8 26.Rd1 Rac8 27.Nh2 Qb7 28.Ng4 Bxe4+ 29.Ka1 Bf3
30.Nxf6 Bxd1 31.Bxd1 Qc7 0-1

[Event "Moscow Open 2009 A"]
[Site ""]
[Date "2009.02.07"]
[Round "8.66"]
[White "Stukopin, Andrey"]
[Black "Gurevich, Dmitry"]
[Result "1-0"]
[WhiteElo "2357"]
[BlackElo "2507"]
[Annotator ""]
[Source ""]
[Remark ""]

1.e4 c5 2.Nc3 e6 3.g3 d5 4.exd5 exd5 5.Bg2 Nf6 6.d3 Be7 7.Nge2
O-O 8.O-O d4 9.Ne4 Nxe4 10.dxe4 Nc6 11.c3 Be6 12.cxd4 cxd4 13.Nf4
Bc4 14.Re1 Ne5 15.Nd5 Bc5 16.b3 Ba6 17.Bf4 Bb6 18.a4 1-0

[Event "Moscow Open 2009 A"]
[Site ""]
[Date "2009.02.07"]
[Round "8.67"]
[White "Gerasimov, Ivan"]
[Black "Nyzhnyk, Illya"]
[Result "1-0"]
[WhiteElo "2342"]
[BlackElo "2503"]
[Annotator ""]
[Source ""]
[Remark ""]

1.e4 c5 2.Nf3 d6 3.d4 cxd4 4.Nxd4 Nf6 5.Nc3 a6 6.Be3 e6 7.a4
b6 8.Bd3 Bb7 9.O-O Nbd7 10.f4 Be7 11.Qf3 Nc5 12.Rae1 h5 13.Bc1
Bc8 14.Qg3 Ng4 15.Nf3 Nxd3 16.cxd3 b5 17.axb5 axb5 18.h3 Qb6+
19.Kh1 b4 20.Ne2 Kf8 21.hxg4 hxg4+ 22.Nh2 Bh4 23.Qxg4 1-0

[Event "Moscow Open 2009 A"]
[Site ""]
[Date "2009.02.07"]
[Round "8.68"]
[White "Petrushin, Alexander I"]
[Black "Zimmerman, Yuri"]
[Result "1/2-1/2"]
[WhiteElo "2455"]
[BlackElo "2341"]
[Annotator ""]
[Source ""]
[Remark ""]

1.e4 d6 2.d4 Nf6 3.Nc3 g6 4.Be3 c6 5.Qd2 Bg7 6.f3 Qa5 7.Nge2
Nbd7 8.Nc1 O-O 9.Nb3 Qc7 10.Be2 e5 11.O-O Re8 12.Rad1 Nb6 13.a4
Be6 14.Bh6 Nc4 15.Bxc4 Bxc4 16.Bxg7 Kxg7 17.Rf2 Bxb3 18.cxb3
Qb6 19.f4 exd4 20.Qxd4 Qxd4 21.Rxd4 d5 22.exd5 Re1+ 23.Rf1 Rxf1+
24.Kxf1 Nxd5 25.Nxd5 Rd8 1/2-1/2

[Event "Moscow Open 2009 A"]
[Site ""]
[Date "2009.02.07"]
[Round "8.69"]
[White "Konovalov, Nikolay"]
[Black "Tarasov, Oleg"]
[Result "1/2-1/2"]
[WhiteElo "2430"]
[BlackElo "2340"]
[Annotator ""]
[Source ""]
[Remark ""]

1.d4 d5 2.c4 c6 3.Nc3 Nf6 4.e3 e6 5.b3 Nbd7 6.Bb2 Bd6 7.Nf3 O-O
8.Be2 Qe7 9.O-O b6 10.Rc1 Bb7 11.Qc2 1/2-1/2

[Event "Moscow Open 2009 A"]
[Site ""]
[Date "2009.02.07"]
[Round "8.70"]
[White "Mikheev, Stanislav"]
[Black "Matsenko, Sergei"]
[Result "0-1"]
[WhiteElo "2321"]
[BlackElo "2429"]
[Annotator ""]
[Source ""]
[Remark ""]

1.d4 d5 2.Nf3 Nf6 3.c4 c6 4.e3 e6 5.Bd3 Nbd7 6.O-O Bd6 7.Nbd2
O-O 8.e4 e5 9.cxd5 cxd5 10.exd5 exd4 11.Nc4 Bc5 12.Bg5 Nb6 13.Nxb6
Bxb6 14.Ne5 h6 15.Bxf6 Qxf6 16.f4 Bf5 17.Ng4 Qg6 18.Ne5 Qf6 19.Ng4
Bxg4 20.Qxg4 Rad8 21.Qh5 Rfe8 22.Rf3 Re3 23.Rc1 Qe7 24.h3 g6
25.Qg4 Rxf3 26.Qxf3 Qe3+ 27.Qxe3 dxe3 28.Kf1 Rxd5 29.Ke2 Kg7
30.Rc8 h5 31.g4 hxg4 32.hxg4 Rd4 33.Rc4 Rd8 34.Rc2 Rd7 35.Rc8
Re7 36.Rc4 Rd7 37.Rc8 Bd4 38.b3 a5 39.a4 b6 40.Bb5 Re7 41.Bd3
Bc5 42.Rd8 Kf6 43.Rc8 Rd7 44.Re8 Kg7 45.Rc8 Bd4 0-1

[Event "Moscow Open 2009 A"]
[Site ""]
[Date "2009.02.07"]
[Round "8.71"]
[White "Gladyszev, Oleg"]
[Black "Potapov, Alexey"]
[Result "1/2-1/2"]
[WhiteElo "2422"]
[BlackElo "2316"]
[Annotator ""]
[Source ""]
[Remark ""]

1.d4 Nf6 2.c4 g6 3.Nc3 Bg7 4.e4 d6 5.Be2 O-O 6.Nf3 Bg4 7.Be3
Nfd7 8.Rc1 c5 9.d5 Na6 10.h3 Bxf3 11.Bxf3 1/2-1/2

[Event "Moscow Open 2009 A"]
[Site ""]
[Date "2009.02.07"]
[Round "8.72"]
[White "Vorotnikov, Vladislav V"]
[Black "Arslanov, Shamil"]
[Result "1-0"]
[WhiteElo "2421"]
[BlackElo "2316"]
[Annotator ""]
[Source ""]
[Remark ""]

1.e4 e6 2.d4 d5 3.Nc3 Bb4 4.exd5 exd5 5.Bd3 Nc6 6.Nge2 Nge7 7.a3
Bxc3+ 8.bxc3 Bf5 9.O-O O-O 10.Ng3 Bxd3 11.cxd3 Qd7 12.f4 Nf5
13.Qg4 Nce7 14.a4 Rad8 15.Nh5 Ng6 16.Qh3 Rfe8 17.g4 Nd6 18.f5
Nf8 19.Qh4 Rc8 20.Nxg7 Kxg7 21.Qh6+ Kg8 22.Bf4 Ne6 23.fxe6 fxe6
24.Qg5+ 1-0

[Event "Moscow Open 2009 A"]
[Site ""]
[Date "2009.02.07"]
[Round "8.73"]
[White "Sharafiev, Azat"]
[Black "Rzayev, Bahruz"]
[Result "1-0"]
[WhiteElo "2421"]
[BlackElo "2313"]
[Annotator ""]
[Source ""]
[Remark ""]

1.Nf3 Nf6 2.c4 g6 3.Nc3 Bg7 4.g3 O-O 5.Bg2 d5 6.cxd5 Nxd5 7.Qb3
Nb6 8.d3 Nc6 9.O-O h6 10.Ne4 e5 11.Nc5 Qe7 1-0

[Event "Moscow Open 2009 A"]
[Site ""]
[Date "2009.02.07"]
[Round "8.74"]
[White "Potapov, Pavel"]
[Black "Morozov, Grigoriy"]
[Result "1-0"]
[WhiteElo "2414"]
[BlackElo "2306"]
[Annotator ""]
[Source ""]
[Remark ""]

1.e4 e6 2.d4 d5 3.exd5 exd5 4.c4 Bb4+ 5.Nc3 Nf6 6.Be2 O-O 7.Nf3
dxc4 8.Bxc4 Nd5 9.O-O Nxc3 10.bxc3 Bd6 11.Bg5 Qd7 12.Re1 b5 13.Bb3
Bb7 14.Qd3 c5 15.Bc2 f5 16.Ne5 Bxe5 17.Rxe5 Be4 18.Rxe4 fxe4
19.Qxe4 g6 20.dxc5 Nc6 21.Rd1 Qf5 22.Qxf5 gxf5 23.Bb3+ Kg7 24.Rd7+
Kh8 25.Bh6 Rg8 26.Bxg8 Rxg8 27.Kf1 1-0

[Event "Moscow Open 2009 A"]
[Site ""]
[Date "2009.02.07"]
[Round "8.75"]
[White "Chernobay, Artem"]
[Black "Prosviriakov, Vladimir"]
[Result "0-1"]
[WhiteElo "2414"]
[BlackElo "2305"]
[Annotator ""]
[Source ""]
[Remark ""]

1.e4 d6 2.d4 Nf6 3.Nc3 e5 4.Nge2 Be7 5.h3 O-O 6.g4 exd4 7.Qxd4
Nc6 8.Qd1 d5 9.exd5 Nb4 10.Bd2 Nd3+ 11.cxd3 Nxd5 0-1

[Event "Moscow Open 2009 A"]
[Site ""]
[Date "2009.02.07"]
[Round "8.76"]
[White "Kalmachevskikh, Viktor"]
[Black "Efanov, Nikolai"]
[Result "0-1"]
[WhiteElo "2306"]
[BlackElo "2411"]
[Annotator ""]
[Source ""]
[Remark ""]

1.c4 e5 2.g3 Nf6 3.Bg2 c6 4.Nf3 e4 5.Ng1 d5 6.Nc3 dxc4 7.Nxe4
Nxe4 8.Bxe4 Bc5 9.Bg2 Qb6 10.e3 Na6 11.Nf3 Bf5 12.a3 Bd6 13.d4
cxd3 14.O-O Rd8 15.Nh4 Be6 16.Qxd3 Bxg3 17.Qe4 Nc5 18.Qb4 Qxb4
19.axb4 Nb3 20.hxg3 Nxa1 21.e4 0-1

[Event "Moscow Open 2009 A"]
[Site ""]
[Date "2009.02.07"]
[Round "8.77"]
[White "Leontiev, Aleksandr V"]
[Black "Nyudleev, Dolgan"]
[Result "0-1"]
[WhiteElo "2309"]
[BlackElo "2397"]
[Annotator ""]
[Source ""]
[Remark ""]

1.c4 Nf6 2.Nc3 g6 3.e4 d6 4.d4 Bg7 5.Be2 O-O 6.Bg5 Nbd7 7.Qd2
c5 8.d5 a6 9.a4 Qa5 10.Ra3 Qb4 11.Qc2 Rb8 12.Bd2 Qb6 13.Nf3 e6
14.O-O exd5 15.exd5 Re8 16.Re1 Ne5 17.a5 Qc7 18.Nxe5 Rxe5 19.Na4
Bf5 20.Qd1 Rbe8 21.Nb6 0-1

[Event "Moscow Open 2009 A"]
[Site ""]
[Date "2009.02.07"]
[Round "8.78"]
[White "Paveliev, Alexey"]
[Black "Morev, Ivan"]
[Result "1/2-1/2"]
[WhiteElo "2396"]
[BlackElo "2249"]
[Annotator ""]
[Source ""]
[Remark ""]

1.e4 c5 2.Nf3 d6 3.Nc3 Nf6 4.Be2 e5 5.O-O Be7 6.d3 Nc6 7.Nd5
Nxd5 8.exd5 Nb4 9.c4 O-O 10.Ne1 g5 11.a3 Na6 12.Nc2 f5 13.b4
b6 14.Qd2 Bf6 15.Bb2 Rb8 16.Rae1 Rb7 17.Ne3 Rg7 18.Bd1 f4 1/2-1/2

[Event "Moscow Open 2009 A"]
[Site ""]
[Date "2009.02.07"]
[Round "8.79"]
[White "Matvienko, Ivan"]
[Black "Okara, Andrey"]
[Result "1/2-1/2"]
[WhiteElo "2275"]
[BlackElo "2394"]
[Annotator ""]
[Source ""]
[Remark ""]

1.e4 e5 2.Nf3 Nc6 3.Bb5 d6 4.O-O Bd7 5.c3 Nge7 6.d4 Ng6 7.Re1
Be7 8.Nbd2 O-O 9.Nc4 Bf6 10.dxe5 dxe5 11.Bxc6 bxc6 12.Be3 Qc8
13.b4 Rd8 14.Qc2 Bg4 15.Nfd2 Be6 16.Na5 Qa6 17.Ndb3 Nf4 18.f3
Be7 19.Bc5 Bd6 20.Rad1 Bxb3 21.Nxb3 Bxc5+ 22.Nxc5 Qc4 23.g3 Ng6
24.Qb3 Rxd1 25.Rxd1 Qe2 26.c4 h5 27.a3 a5 28.Qd3 Qb2 29.b5 cxb5
30.cxb5 a4 31.Na6 Ra7 32.Nxc7 h4 33.Rb1 Qa2 34.b6 Rb7 35.Nd5
h3 36.Ne3 Nf8 37.Rb5 1/2-1/2

[Event "Moscow Open 2009 A"]
[Site ""]
[Date "2009.02.07"]
[Round "8.80"]
[White "Baghdasaryan, Vahe"]
[Black "Agaragimov, Djakhangir"]
[Result "0-1"]
[WhiteElo "2246"]
[BlackElo "2393"]
[Annotator ""]
[Source ""]
[Remark ""]

1.e4 c5 2.Nf3 g6 3.d4 cxd4 4.Nxd4 Nc6 5.c4 Nf6 6.Nc3 Bg7 7.Be3
O-O 8.Be2 d6 9.O-O Bd7 10.Rc1 Nxd4 11.Bxd4 Be6 12.f4 Nd7 13.Kh1
Bxd4 14.Qxd4 Qb6 15.Qd2 Nc5 16.f5 0-1

[Event "Moscow Open 2009 A"]
[Site ""]
[Date "2009.02.07"]
[Round "8.81"]
[White "Gagarin, Vasilij"]
[Black "Nazaryev, Sergey"]
[Result "1-0"]
[WhiteElo "2392"]
[BlackElo "2236"]
[Annotator ""]
[Source ""]
[Remark ""]

1.d4 Nf6 2.c4 g6 3.Nc3 Bg7 4.Nf3 O-O 5.Bg5 c5 6.d5 d6 7.e3 h6
8.Bh4 g5 9.Bg3 Nh5 10.Bd3 Nxg3 11.hxg3 e6 12.Qc2 Re8 13.Nd2 Na6
14.a3 Nc7 15.O-O exd5 16.cxd5 Rb8 17.a4 b6 18.Nc4 Qe7 19.Rad1
Bb7 20.Bh7+ Kh8 21.Bf5 Ba6 22.b3 Qf6 23.Ne2 b5 24.axb5 Bxb5 25.g4
Bxc4 26.bxc4 Rb2 27.Qd3 Na6 28.Ra1 Nb4 29.Qd1 a6 30.Ng3 Qe5 31.Ra3
Rb8 32.Bd3 Ra2 33.Rxa2 Nxa2 34.Nf5 Nb4 35.Bb1 Rd8 36.Qa4 Qa1
37.Qxa1 Bxa1 38.Nxh6 Kg7 39.Nf5+ Kf6 40.g3 a5 41.Kg2 Rh8 1-0

[Event "Moscow Open 2009 A"]
[Site ""]
[Date "2009.02.07"]
[Round "8.82"]
[White "Zhadanov, Vasili B"]
[Black "Kargin, Arseny"]
[Result "1/2-1/2"]
[WhiteElo "2233"]
[BlackElo "2389"]
[Annotator ""]
[Source ""]
[Remark ""]

1.e4 c5 2.Nf3 d6 3.d4 cxd4 4.Nxd4 Nf6 5.Nc3 g6 6.Be3 Bg7 7.Qd2
Nc6 8.f3 O-O 9.g4 Nxd4 10.Bxd4 Be6 11.h4 Qa5 12.h5 Rfc8 13.hxg6
hxg6 14.g5 Nh5 15.Bxg7 Kxg7 16.f4 Rxc3 17.Qxc3+ Qxc3+ 18.bxc3
Nxf4 19.Rh4 Nh5 20.Kd2 f6 21.gxf6+ Nxf6 22.Bd3 Nd7 23.Rah1 Bg8
24.a4 b6 25.a5 bxa5 26.Ra1 a4 27.Rxa4 a5 1/2-1/2

[Event "Moscow Open 2009 A"]
[Site ""]
[Date "2009.02.07"]
[Round "8.83"]
[White "Reutsky, Sergei"]
[Black "Oparin, Grigoriy"]
[Result "1-0"]
[WhiteElo "2381"]
[BlackElo "2189"]
[Annotator ""]
[Source ""]
[Remark ""]

1.d4 d5 2.c4 e6 3.Nc3 Be7 4.Nf3 Nf6 5.g3 O-O 6.Bg2 c6 7.O-O b6
8.Ne5 Bb7 9.e4 dxc4 10.Nxc4 Ba6 11.b3 b5 12.Ne5 b4 13.Ne2 Bxe2
14.Qxe2 Qxd4 15.Bb2 Qb6 16.Rac1 a5 17.Rfd1 a4 18.Ng4 Ne8 19.e5
axb3 20.axb3 Ra2 21.Be4 c5 22.Bb1 Ra7 23.Qe4 g6 24.Rd6 Qb7 25.Qe3
Nd7 26.Be4 Qb8 27.Bc6 Qc8 28.Rcd1 Bxd6 29.exd6 f6 30.Qxe6+ 1-0

[Event "Moscow Open 2009 A"]
[Site ""]
[Date "2009.02.07"]
[Round "8.84"]
[White "Chudinovskikh, Alexander M"]
[Black "Shurunov, Arseny"]
[Result "0-1"]
[WhiteElo "2379"]
[BlackElo "2105"]
[Annotator ""]
[Source ""]
[Remark ""]

1.Nf3 Nf6 2.c4 c5 3.Nc3 e6 4.d4 cxd4 5.Nxd4 a6 6.g3 Qc7 7.Bg2
Be7 8.O-O O-O 9.Qd3 d6 10.b3 Nbd7 11.Bb2 Rb8 12.Rac1 Ne5 13.Qd2
Bd7 14.h3 Qb6 15.Kh2 Nc6 16.Nc2 Rfc8 17.f4 Qd8 18.e4 b5 19.Ne3
Qa5 20.Qf2 Qb6 21.Rcd1 Be8 22.Rd2 Na5 23.e5 dxe5 24.fxe5 Bc5
25.Ncd1 Nd7 26.cxb5 axb5 27.Rxd7 Bxd7 28.Qxf7+ Kh8 29.Ng4 Rf8
30.Qxd7 Rxf1 31.Bxf1 Rd8 32.Qf7 Rf8 33.Qh5 Rxf1 0-1

[Event "Moscow Open 2009 A"]
[Site ""]
[Date "2009.02.07"]
[Round "8.85"]
[White "Inants, Aghasi"]
[Black "Onoprienko, Vladimir"]
[Result "1-0"]
[WhiteElo "2192"]
[BlackElo "2372"]
[Annotator ""]
[Source ""]
[Remark ""]

1.e4 c5 2.Nc3 g6 3.d4 b6 4.dxc5 bxc5 5.Qd5 Nc6 6.Qxc5 Bg7 7.Nf3
Bb7 8.Bd3 Nf6 9.O-O O-O 10.Bd2 d6 11.Qe3 Qd7 12.h3 Rfe8 13.Rab1
e5 14.Nh2 d5 15.Nxd5 Nxd5 16.exd5 Qxd5 17.c4 Qd7 18.Be4 Nd4 19.Bxb7
Qxb7 20.b3 f5 21.Bc3 f4 22.Qe1 e4 23.Bxd4 Bxd4 24.Qd2 Qb6 25.Qxf4 1-0